Normal view
MARC view
Entry Topical Term
001 - CONTROL NUMBER
- control field: 18318
003 - CONTROL NUMBER IDENTIFIER
- control field: ARRUPE
005 - DATE AND TIME OF LATEST TRANSACTION
- control field: 20150716162050.0
008 - FIXED-LENGTH DATA ELEMENTS
- fixed length control field: 150716|| aca||aabn | a|a d
040 ## - CATALOGING SOURCE
- Original cataloging agency: ARRUPE
- Transcribing agency: ARRUPE
150 ## - HEADING--TOPICAL TERM
- Topical term or geographic name as entry element: Popes
- General subdivision: Infallibility
- General subdivision: History.
670 ## - SOURCE DATA FOUND
- Source citation: Work cat.: (ARRUPE)0: Hasler, August. 18316, How the Pope became infallible :, 1981.